000 00300nam a2200121Ia 4500
008 190216s9999||||xx |||||||||||||| ||und||
100 _aEttumanoor Sivakumar
245 0 _aKamaladalam
260 _bJanapriya Pusthakaprasadhanasala
_c1998
300 _a178p
650 _aMalayalam Novel
942 _cBK
999 _c27694
_d27694